| 000 | 00778nam a22002538a 4500 | ||
|---|---|---|---|
| 001 | 016199859 | ||
| 003 | Uk | ||
| 005 | 20130319152502.0 | ||
| 008 | 121025s2013 paua 001 0 eng|d | ||
| 020 | _a1609133447 | ||
| 020 | _a9781609133443 | ||
| 082 | 0 | 4 |
_a612 _223 _bWIN |
| 100 | 1 |
_aWingerd, Bruce D. _932896 |
|
| 245 | 1 | 4 |
_aThe Human Body : _bConcepts of Anatomy and Physiology / _cBruce Wingerd. |
| 250 | _a3rd ed. | ||
| 260 |
_aPhiladelphia, Pa. ; _aLondon : _bLippincott Williams & Wilkins, _c2013. |
||
| 300 |
_a1 v. : _bill. ; _c22 cm. |
||
| 500 | _aPrevious ed.: San Diego, Calif.: University Readers, 2008. | ||
| 500 | _aIncludes index. | ||
| 650 | 0 |
_aHuman anatomy. _932897 |
|
| 650 | 0 |
_aHuman physiology. _932898 |
|
| 653 |
_bDent _cMarch2013 |
||
| 942 |
_2ddc _cBB |
||
| 999 |
_c17378 _d17350 |
||